Dâwud-Čelebi, ein osmanischer Thronwerber des 15. Jahrhunderts

Elmentve itt :
Bibliográfiai részletek
Szerző: Babinger Franz
Dokumentumtípus: Cikk
Megjelent: R. Oldenbourg München 1957
Sorozat:Südost-Forschungen. Internationale Zeitschrift für Geschichte, Kultur und Landeskunde Südosteuropas XVI. No. 2. Hbd
Kulcsszavak:Dâwud-Čelebi, Oszmán birodalom története - 15. sz.
Tárgyszavak:
Online Access:http://misc.bibl.u-szeged.hu/55109
LEADER 00893nab a2200217 i 4500
001 misc55109
005 20221102104319.0
008 200427s1957 hu o 0|| ger d
022 |a 0081-9077 
040 |a SZTE Miscellanea Repozitórium  |b hun 
041 |a ger 
100 1 |a Babinger Franz 
245 1 0 |a Dâwud-Čelebi, ein osmanischer Thronwerber des 15. Jahrhunderts  |h [elektronikus dokumentum] /  |c  Babinger Franz 
260 |a R. Oldenbourg  |b München  |c 1957 
300 |a 297-312  |c 25 cm 
490 0 |a Südost-Forschungen. Internationale Zeitschrift für Geschichte, Kultur und Landeskunde Südosteuropas  |v XVI. No. 2. Hbd 
561 |a Németh Gyula hagyaték 
650 4 |a Bölcsészettudományok 
650 4 |a Történettudomány és régészet 
695 |a Dâwud-Čelebi, Oszmán birodalom története - 15. sz. 
856 4 0 |u http://misc.bibl.u-szeged.hu/55109/1/180_noa_b10.pdf  |z Dokumentum-elérés